Giáo trình cơ sở hóa học hữu cơ T.2 Giáo trình cơ sở hóa học hữu cơ

Αποθηκεύτηκε σε:
Λεπτομέρειες βιβλιογραφικής εγγραφής
Κύριος συγγραφέας: Trần, Quốc Sơn (tác giả)
Μορφή: Βιβλίο
Γλώσσα:Vietnamese
Έκδοση: H. Đại học Sư Phạm 2005
Θέματα:
Ετικέτες: Προσθήκη ετικέτας
Δεν υπάρχουν, Καταχωρήστε ετικέτα πρώτοι!
Thư viện lưu trữ: Mạng thư viện Đại học Đà Nẵng
LEADER 01139nam a2200325 4500
001 000016397
003 12799
005 20140404080400.0
008 121018s2005 viesd
020 |c 0đ 
041 0 |a vie 
082 |a 547  |b TR-S 
100 0 |a Trần, Quốc Sơn  |e tác giả 
245 1 0 |a Giáo trình cơ sở hóa học hữu cơ  |c Trần Quốc Sơn - Đặng Văn Hiếu - Nguyễn Văn Tòng  |n T.2  |p Giáo trình cơ sở hóa học hữu cơ 
260 |a H.  |b Đại học Sư Phạm  |c 2005 
300 |a 290 tr  |c 24 cm 
653 |a giáo trình 
653 |a hóa học 
653 |a hữu cơ 
773 |t Giáo trình cơ sở hóa học hữu cơ  |w 9756 
OWN |a LSP 
AVA |a UDN50  |b LSP  |d 547 TR-S  |e check_holdings  |t Error 5003 Not defined in file expand_doc_bib_avail.  |h N  |k 1 
999 |a From the UDN01 
AVA |a UDN50  |b LSP  |d 547 TR-S  |e available  |t Error 5001 Not defined in file expand_doc_bib_avail.  |f 76  |g 0  |h N  |i 24  |k 1 
TYP |a Monograph 
TYP |a Printed language 
980 |a Mạng thư viện Đại học Đà Nẵng